000 01413nam a2200373 c 4500
003 BLK
005 20250607122929.0
008 180408b bul|||||r ||||||| ||bul||
010 _aKNG00044877000
020 _a978-954-28-0607-3
_bиздат.: Сиела Софт енд Паблишинг - (грешен)
040 _aBLK
041 _aBUL
_cBUL
072 7 _2bullib
_aН15
_xПсихология Н
080 _aПсихология
_b159.9
_x(075.8)
_z159.9(075.8)
100 1 _aМинчев, Борис Симеонов
_eпърви автор
_9270139
139 _aМинчев, Борис Симеонов
_bМ 67
245 1 0 _aОбща психология
_cБорис Симеонов Минчев.
250 _a3. доп. изд.
257 _aBGR
260 София
_bСиела Софт енд Паблишинг
_c2011
300 _a471 с.
_bс ил., табл.
_c23 см
380 _a1
500 _a1. изд. 2006. - Офс. изд. - Библиогр. с. 464-469.
650 4 _aПсихология - учебници за ВУЗ
_9241535
653 _aпсихология
653 _aучебници за ВУЗ
659 _aН
852 _aЦб 254151
856 4 _qpdf
_u
856 4 _qpdf
_u
942 _cKNG
_n0
_029
944 _aCR
_c22.12.2011
_lМартин Енчев
_k30575
944 _aED
_c10.11.2017
_lф /
_kВиолета_Тройчева
999 _c41317
_d41317